[Event "Jiraskuv memorial GM"]
[Site "Rakovnik"]
[Date "2012.08.04"]
[Round "1"]
[White "Cvek, Robert"]
[Black "Pribyl, Josef"]
[Result "1/2-1/2"]
[WhiteElo "2549"]
[BlackElo "2308"]
[PlyCount "80"]
[EventDate "2012.08.??"]
[EventType "swiss"]
[EventRounds "9"]
[EventCountry "CZE"]

1. Nf3 Nf6 2. c4 g6 3. Nc3 d5 4. cxd5 Nxd5 5. Qa4+ Nc6 6. Ne5 Qd6 7. Nxc6 Qxc6
8. Qxc6+ bxc6 9. g3 Nxc3 10. dxc3 Rb8 11. Bg2 c5 12. Bf4 Bb7 13. Bxb7 Rxb7 14.
O-O-O f6 15. e4 e5 16. Be3 Be7 17. f4 exf4 18. gxf4 Rf8 19. h4 Rb6 20. f5 Ra6
21. fxg6 hxg6 22. Rhg1 Re6 23. Rxg6 Rxe4 24. Bf2 Kf7 25. Rdg1 Rh8 26. Rg7+ Ke6
27. R7g4 Re2 28. Re1 Rxe1+ 29. Bxe1 f5 30. Rg6+ Kd5 31. Rg7 Bxh4 32. Bxh4 Rxh4
33. Rxc7 a5 34. Rf7 Ke4 35. Re7+ Kd3 36. Rd7+ Ke3 37. Rd5 f4 38. Re5+ Kd3 39.
Rd5+ Kc4 40. Rd2 Kb5 1/2-1/2

[Event "Jiraskuv memorial GM"]
[Site "Rakovnik"]
[Date "2012.08.04"]
[Round "1"]
[White "Palek, Miroslav"]
[Black "Cyborowski, Lukasz"]
[Result "0-1"]
[WhiteElo "2308"]
[BlackElo "2546"]
[PlyCount "94"]
[EventDate "2012.08.??"]
[EventType "swiss"]
[EventRounds "9"]
[EventCountry "CZE"]

1. e4 c5 2. Nc3 e6 3. g3 d5 4. Bg2 dxe4 5. Nxe4 Nc6 6. Ne2 Be7 7. d3 Nf6 8. O-O
O-O 9. Be3 Nxe4 10. Bxe4 Qc7 11. c3 Rd8 12. Qc2 h6 13. Rfd1 Bd7 14. d4 cxd4 15.
cxd4 Qa5 16. a3 Rac8 17. b4 Qc7 18. Rac1 Qb8 19. Qd2 Bf8 20. Bb1 Ne7 21. Bf4
Qa8 22. Bc7 Re8 23. Qd3 g6 24. Nf4 Bg7 25. b5 b6 26. Be5 Rxc1 27. Rxc1 Rc8 28.
Re1 Qb7 29. Qb3 Bxe5 30. dxe5 Rc5 31. a4 Qc7 32. Qa3 Bc8 33. Nd3 Rc3 34. Qb2
Bb7 35. Rc1 Nd5 36. Ba2 Rxc1+ 37. Qxc1 Nc3 38. Kf1 Be4 39. Ne1 Qxe5 40. Bb3 Bf5
41. Qe3 Bh3+ 42. Kg1 Ne2+ 43. Kh1 Qxe3 44. fxe3 Kf8 45. Nd3 Bf5 46. Nf2 Nc1 47.
Bd1 Nd3 0-1

[Event "Jiraskuv memorial GM"]
[Site "Rakovnik"]
[Date "2012.08.04"]
[Round "1"]
[White "Pacher, Milan"]
[Black "Cerveny, Martin"]
[Result "1-0"]
[WhiteElo "2442"]
[BlackElo "2346"]
[PlyCount "91"]
[EventDate "2012.08.??"]
[EventType "swiss"]
[EventRounds "9"]
[EventCountry "CZE"]

1. e4 c5 2. Nf3 d6 3. d4 cxd4 4. Nxd4 Nf6 5. Nc3 a6 6. Bg5 e6 7. f4 Qc7 8. Qf3
b5 9. Bd3 Bb7 10. O-O-O Nbd7 11. Rhe1 Qb6 12. Nd5 Qa5 13. Kb1 b4 14. Qh3 O-O-O
15. Nb3 Qa4 16. c4 exd5 17. cxd5 h6 18. Bh4 g5 19. Bf2 gxf4 20. Ba7 Kc7 21.
Rc1+ Nc5 22. e5 Bxd5 23. exf6 Bxb3 24. axb3 Qxb3 25. Qf5 Qa4 26. Re7+ Bxe7 27.
fxe7 b3 28. Rxc5+ dxc5 29. Qxc5+ Kb7 30. exd8=N+ Rxd8 31. Qb6+ Ka8 32. Qxd8+
Kxa7 33. Qc7+ Ka8 34. Qxf7 Qa2+ 35. Kc1 Qa1+ 36. Bb1 Qa4 37. Qd5+ Kb8 38. Kd2
Qb4+ 39. Ke2 Kc7 40. Be4 a5 41. Qf7+ Kd8 42. Bc6 Kc8 43. Qd7+ Kb8 44. Qd8+ Ka7
45. Qc7+ Ka6 46. Bd5 1-0

[Event "Jiraskuv memorial GM"]
[Site "Rakovnik"]
[Date "2012.08.04"]
[Round "1"]
[White "Freisler, Pavel"]
[Black "Velicka, Petr"]
[Result "1/2-1/2"]
[WhiteElo "2310"]
[BlackElo "2461"]
[PlyCount "84"]
[EventDate "2012.08.??"]
[EventType "swiss"]
[EventRounds "9"]
[EventCountry "CZE"]

1. Nf3 c5 2. c4 g6 3. d4 Bg7 4. d5 d6 5. e4 Nf6 6. Nc3 e6 7. h3 O-O 8. Bd3 Qe7
9. O-O e5 10. Bg5 h6 11. Be3 Nh5 12. Qd2 Nf4 13. Bxf4 exf4 14. Qxf4 Nd7 15. Nb5
Bxb2 16. Rab1 Ne5 17. Nxe5 Bxe5 18. Qxh6 a6 19. Na3 b5 20. Nc2 b4 21. Qe3 a5
22. f4 Bg7 23. e5 a4 24. e6 b3 25. axb3 a3 26. f5 a2 27. Rbe1 fxe6 28. Qg3 gxf5
29. Bxf5 Rxf5 30. Rxf5 a1=Q 31. Nxa1 Rxa1 32. Rxa1 exf5 33. Re1 Qf6 34. Re8+
Kf7 35. Rxc8 Qa1+ 36. Kf2 Bd4+ 37. Ke2 Qb2+ 38. Kf1 Qc1+ 39. Qe1 Qf4+ 40. Ke2
Qe3+ 41. Kf1 Qg1+ 42. Ke2 Qe3+ 1/2-1/2

[Event "Jiraskuv memorial GM"]
[Site "Rakovnik"]
[Date "2012.08.05"]
[Round "2"]
[White "Cyborowski, Lukasz"]
[Black "Pacher, Milan"]
[Result "1/2-1/2"]
[WhiteElo "2546"]
[BlackElo "2442"]
[PlyCount "26"]
[EventDate "2012.08.??"]
[EventType "swiss"]
[EventRounds "9"]
[EventCountry "CZE"]

1. Nf3 Nf6 2. c4 g6 3. Nc3 d5 4. cxd5 Nxd5 5. e4 Nxc3 6. dxc3 Qxd1+ 7. Kxd1 f6
8. Be3 e5 9. Bc4 Nd7 10. Be6 Nc5 11. Bxc8 Rxc8 12. Bxc5 Bxc5 13. Ke2 Ke7
1/2-1/2

[Event "Jiraskuv memorial GM"]
[Site "Rakovnik"]
[Date "2012.08.05"]
[Round "2"]
[White "Velicka, Petr"]
[Black "Manik, Mikulas"]
[Result "1/2-1/2"]
[WhiteElo "2461"]
[BlackElo "2406"]
[PlyCount "35"]
[EventDate "2012.08.??"]
[EventType "swiss"]
[EventRounds "9"]
[EventCountry "CZE"]

1. e4 c5 2. Nf3 Nc6 3. Bb5 g6 4. Bxc6 bxc6 5. O-O Bg7 6. Re1 Nh6 7. c3 O-O 8.
d4 Qb6 9. h3 d5 10. e5 f6 11. exf6 exf6 12. Nbd2 Nf7 13. dxc5 Qxc5 14. Nb3 Qd6
15. Be3 Re8 16. Bc5 Rxe1+ 17. Qxe1 Qd7 18. Bd4 1/2-1/2

[Event "Jiraskuv memorial GM"]
[Site "Rakovnik"]
[Date "2012.08.05"]
[Round "2"]
[White "Freisler, Pavel"]
[Black "Cvek, Robert"]
[Result "0-1"]
[WhiteElo "2310"]
[BlackElo "2549"]
[PlyCount "58"]
[EventDate "2012.08.??"]
[EventType "swiss"]
[EventRounds "9"]
[EventCountry "CZE"]

1. Nf3 Nf6 2. c4 e6 3. g3 a6 4. Nc3 d5 5. cxd5 exd5 6. d4 Bd6 7. Bg2 O-O 8. O-O
Nbd7 9. Bg5 c6 10. e4 dxe4 11. Nxe4 Be7 12. Nc3 h6 13. Bxf6 Nxf6 14. Re1 Qd6
15. Qe2 Re8 16. Rad1 Be6 17. Ne5 Bf8 18. h3 Rad8 19. f4 Qb4 20. Qf2 Qa5 21. f5
Bd5 22. Nxd5 Nxd5 23. a3 Qb6 24. Kh2 Nf6 25. Bf1 Bd6 26. Nc4 Qc7 27. Bg2 h5 28.
Rxe8+ Rxe8 29. Re1 Bxg3+ 0-1

[Event "Jiraskuv memorial GM"]
[Site "Rakovnik"]
[Date "2012.08.08"]
[Round "2"]
[White "Cerveny, Martin"]
[Black "Lalic, Bogdan"]
[Result "1/2-1/2"]
[WhiteElo "2346"]
[BlackElo "2481"]
[PlyCount "24"]
[EventDate "2012.08.??"]
[EventType "swiss"]
[EventRounds "9"]
[EventCountry "CZE"]

1. d4 Nf6 2. Nf3 e6 3. c4 b6 4. g3 Ba6 5. b3 Bb7 6. Bg2 Bb4+ 7. Bd2 a5 8. O-O
O-O 9. a3 Bxd2 10. Qxd2 d6 11. Nc3 Ne4 12. Nxe4 Bxe4 1/2-1/2

[Event "Jiraskuv memorial GM"]
[Site "Rakovnik"]
[Date "2012.08.05"]
[Round "3"]
[White "Manik, Mikulas"]
[Black "Cerveny, Martin"]
[Result "1/2-1/2"]
[WhiteElo "2406"]
[BlackElo "2346"]
[PlyCount "61"]
[EventDate "2012.08.??"]
[EventType "swiss"]
[EventRounds "9"]
[EventCountry "CZE"]

1. e4 c5 2. Nf3 d6 3. d4 cxd4 4. Nxd4 Nf6 5. Nc3 a6 6. Bg5 e6 7. f4 Qc7 8. Bxf6
gxf6 9. Qd2 Nc6 10. Nb3 Bd7 11. Be2 h5 12. O-O-O O-O-O 13. Rhf1 Kb8 14. h4 Be7
15. Bf3 Rdg8 16. Kb1 Na5 17. Nxa5 Qxa5 18. f5 Rc8 19. fxe6 fxe6 20. Ne2 Qxd2
21. Rxd2 Bb5 22. Rh1 Bxe2 23. Rxe2 Rcg8 24. c3 Kc7 25. a3 Bf8 26. Rd1 Rg7 27.
Rdd2 Rg3 28. Rd1 Rh7 29. Rh1 b5 30. Rc2 a5 31. b4 1/2-1/2

[Event "Jiraskuv memorial GM"]
[Site "Rakovnik"]
[Date "2012.08.05"]
[Round "3"]
[White "Palek, Miroslav"]
[Black "Freisler, Pavel"]
[Result "1-0"]
[WhiteElo "2308"]
[BlackElo "2310"]
[PlyCount "95"]
[EventDate "2012.08.??"]
[EventType "swiss"]
[EventRounds "9"]
[EventCountry "CZE"]

1. e4 Nf6 2. d3 e5 3. Nf3 Nc6 4. g3 d5 5. Nbd2 Bc5 6. Bg2 O-O 7. O-O Be6 8. c3
dxe4 9. dxe4 a5 10. a4 Qd7 11. Qe2 Bg4 12. Nc4 Qe6 13. Ne3 Rad8 14. h3 Bxf3 15.
Qxf3 Ne7 16. Nf5 g6 17. Nh6+ Kg7 18. g4 Nfg8 19. Nxg8 Nxg8 20. Be3 Bxe3 21.
Qxe3 Rd7 22. f4 exf4 23. Rxf4 Rfd8 24. Raf1 Rd1 25. e5 b6 26. Qf3 Rxf1+ 27.
Bxf1 Rd2 28. Qe3 Rxb2 29. Bc4 Qc6 30. Rxf7+ Kh8 31. Bf1 Rc2 32. c4 Nh6 33. Rf6
Qd7 34. e6 Qd6 35. Rf4 Ng8 36. Qd4+ Qxd4+ 37. Rxd4 Kg7 38. g5 c5 39. Rf4 Rd2
40. Rf7+ Kh8 41. e7 Nxe7 42. Rxe7 Ra2 43. Bg2 Rxa4 44. Bd5 h5 45. gxh6 Ra3 46.
Kh2 a4 47. Be4 Re3 48. Re8+ 1-0

[Event "Jiraskuv memorial GM"]
[Site "Rakovnik"]
[Date "2012.08.05"]
[Round "3"]
[White "Pacher, Milan"]
[Black "Pribyl, Josef"]
[Result "1/2-1/2"]
[WhiteElo "2442"]
[BlackElo "2308"]
[PlyCount "66"]
[EventDate "2012.08.??"]
[EventType "swiss"]
[EventRounds "9"]
[EventCountry "CZE"]

1. d4 Nf6 2. c4 g6 3. f3 d6 4. e4 Bg7 5. Nc3 O-O 6. Nge2 c5 7. d5 e6 8. Bg5 h6
9. Be3 exd5 10. cxd5 a6 11. Qd2 b5 12. Bxh6 Nxe4 13. Nxe4 Qh4+ 14. g3 Qxh6 15.
Qxh6 Bxh6 16. Nxd6 Nd7 17. f4 Nb6 18. Bg2 Bg7 19. O-O-O Bg4 20. Rd2 Ra7 21. h3
Bxe2 22. Rxe2 Rd8 23. Ne4 Bd4 24. Rd1 Kg7 25. b4 Re7 26. Bf3 Rxd5 27. bxc5 Bxc5
28. Rxd5 Ba3+ 29. Kc2 Nxd5 30. Kb3 Bb4 31. a3 Ba5 32. Nc5 Rxe2 33. Bxe2 Nc7
1/2-1/2

[Event "Jiraskuv memorial GM"]
[Site "Rakovnik"]
[Date "2012.08.06"]
[Round "4"]
[White "Pribyl, Josef"]
[Black "Lalic, Bogdan"]
[Result "1/2-1/2"]
[WhiteElo "2308"]
[BlackElo "2481"]
[PlyCount "20"]
[EventDate "2012.08.??"]
[EventType "swiss"]
[EventRounds "9"]
[EventCountry "CZE"]
[TimeControl "120+1"]
[WhiteClock "1:27:00"]
[BlackClock "1:32:00"]

1. Nf3 d5 2. d4 Nf6 3. g3 g6 4. Bg2 Bg7 5. O-O O-O 6. Nbd2 c6 7. c4 Bf5 8. b3
Ne4 9. Bb2 Nxd2 10. Qxd2 Be4 1/2-1/2

[Event "Jiraskuv memorial GM"]
[Site "Rakovnik"]
[Date "2012.08.06"]
[Round "4"]
[White "Freisler, Pavel"]
[Black "Pacher, Milan"]
[Result "1-0"]
[WhiteElo "2310"]
[BlackElo "2442"]
[PlyCount "79"]
[EventDate "2012.08.??"]
[EventType "swiss"]
[EventRounds "9"]
[EventCountry "CZE"]
[TimeControl "120+24"]
[WhiteClock "1:21:00"]
[BlackClock "1:22:00"]

1. Nf3 Nf6 2. c4 c6 3. d4 d5 4. cxd5 cxd5 5. Nc3 e6 6. Bf4 Qb6 7. Qb3 Qxb3 8.
axb3 Na6 9. e3 Nb4 10. Bb5+ Bd7 11. Ke2 Nh5 12. Bxd7+ Kxd7 13. Ne5+ Ke7 14. Ra4
Nxf4+ 15. exf4 Nc6 16. Nxc6+ bxc6 17. Rha1 Kf6 18. Rxa7 Rb8 19. R1a6 Rxb3 20.
Rxc6 Rxb2+ 21. Kf1 g5 22. Nxd5+ Kg7 23. Rxe6 Bb4 24. Nxb4 Rxb4 25. fxg5 Rxd4
26. Rf6 Rf8 27. g3 Rc4 28. h4 Rc5 29. Kg2 Rb5 30. f4 h5 31. Kh3 Rb3 32. f5 Rb5
33. Rg6+ Kh8 34. Rh6+ Kg8 35. f6 Rb6 36. Rxh5 Rc8 37. Rh6 Rd8 38. g6 Rxf6 39.
gxf7+ Rxf7 40. Rh8+ 1-0

[Event "Jiraskuv memorial GM"]
[Site "Rakovnik"]
[Date "2012.08.06"]
[Round "4"]
[White "Cyborowski, Lukasz"]
[Black "Manik, Mikulas"]
[Result "1/2-1/2"]
[WhiteElo "2546"]
[BlackElo "2406"]
[PlyCount "27"]
[EventDate "2012.08.??"]
[EventType "swiss"]
[EventRounds "9"]
[EventCountry "CZE"]
[TimeControl "120+10"]
[WhiteClock "1:24:00"]
[BlackClock "1:27:00"]

1. Nf3 Nf6 2. d4 g6 3. Nbd2 d5 4. e3 Bg7 5. b4 a5 6. b5 c5 7. bxc6 Nxc6 8. Be2
O-O 9. O-O Bf5 10. c3 a4 11. Nh4 Bd7 12. Rb1 Na5 13. c4 Ne4 14. g3 1/2-1/2

[Event "Jiraskuv memorial GM"]
[Site "Rakovnik"]
[Date "2012.08.07"]
[Round "5"]
[White "Palek, Miroslav"]
[Black "Velicka, Petr"]
[Result "0-1"]
[WhiteElo "2308"]
[BlackElo "2461"]
[PlyCount "118"]
[EventDate "2012.08.??"]
[EventType "swiss"]
[EventRounds "9"]
[EventCountry "CZE"]
[TimeControl "120+10"]
[WhiteClock "1:24:00"]
[BlackClock "1:27:00"]

1. e4 c5 2. Nc3 Nc6 3. f4 g6 4. Nf3 Bg7 5. g3 d6 6. Bg2 e6 7. O-O Nge7 8. d3
O-O 9. Be3 Nd4 10. Bf2 Nec6 11. Nxd4 Nxd4 12. e5 dxe5 13. fxe5 Bxe5 14. Ne4 f5
15. Nxc5 Qc7 16. b4 Bg7 17. c3 Nb5 18. Qb3 Nxc3 19. Rae1 Kh8 20. Nxe6 Bxe6 21.
Rxe6 Rae8 22. Rfe1 Rxe6 23. Qxe6 b6 24. d4 Nb5 25. d5 Nd6 26. Qe7 Qxe7 27. Rxe7
Rf7 28. Re6 Rd7 29. a4 Bc3 30. b5 Kg8 31. Be3 Kf7 32. Kf2 Bf6 33. Bf4 Nc4 34.
Rc6 Nb2 35. h4 h6 36. Bxh6 Nxa4 37. Bf1 Nc3 38. Bc4 Nxd5 39. Bg5 Kg7 40. Bxd5
Bd4+ 41. Kf3 Rxd5 42. Rc7+ Kf8 43. g4 Rxb5 44. gxf5 gxf5 45. Rxa7 Be5 46. h5
Rb3+ 47. Kf2 b5 48. Ra8+ Kf7 49. Ra7+ Ke6 50. Ra6+ Kd5 51. Bf6 Bd6 52. h6 Rh3
53. Bg7 f4 54. Kg2 Rg3+ 55. Kf2 Bc5+ 56. Ke1 Rh3 57. Rf6 Ke4 58. Re6+ Kd3 59.
Kd1 f3 0-1

[Event "Jiraskuv memorial GM"]
[Site "Rakovnik"]
[Date "2012.08.07"]
[Round "5"]
[White "Pacher, Milan"]
[Black "Cvek, Robert"]
[Result "1/2-1/2"]
[WhiteElo "2442"]
[BlackElo "2549"]
[PlyCount "64"]
[EventDate "2012.08.??"]
[EventType "swiss"]
[EventRounds "9"]
[EventCountry "CZE"]
[TimeControl "120+10"]
[WhiteClock "1:24:00"]
[BlackClock "1:27:00"]

1. d4 Nf6 2. c4 e6 3. Nc3 Bb4 4. f3 d5 5. a3 Bxc3+ 6. bxc3 c6 7. e3 b6 8. cxd5
cxd5 9. Bb5+ Nbd7 10. Ne2 O-O 11. O-O Bb7 12. Ng3 Qc8 13. Qd3 a6 14. Ba4 Bc6
15. Bxc6 Qxc6 16. e4 Rfc8 17. e5 Ne8 18. Bd2 b5 19. h4 Nb6 20. h5 Nc4 21. Be1
f6 22. f4 Ra7 23. Ne2 Rf7 24. Bh4 Nc7 25. h6 f5 26. hxg7 Rxg7 27. Rf3 Ne8 28.
Rf2 a5 29. Ng3 Rg6 30. Bg5 Ng7 31. Nf1 Qb6 32. Be7 Qb7 1/2-1/2

[Event "Jiraskuv memorial GM"]
[Site "Rakovnik"]
[Date "2012.08.07"]
[Round "5"]
[White "Lalic, Bogdan"]
[Black "Freisler, Pavel"]
[Result "1-0"]
[WhiteElo "2481"]
[BlackElo "2310"]
[PlyCount "63"]
[EventDate "2012.08.??"]
[EventType "swiss"]
[EventRounds "9"]
[EventCountry "CZE"]
[TimeControl "120+10"]
[WhiteClock "1:24:00"]
[BlackClock "1:27:00"]

1. c4 Nf6 2. Nc3 e6 3. e4 d5 4. e5 d4 5. exf6 dxc3 6. bxc3 Qxf6 7. d4 b6 8. Nf3
Bb7 9. Bd3 Nd7 10. Bg5 Bxf3 11. Qd2 Bxg2 12. Bxf6 Bxh1 13. Bh4 Bb7 14. O-O-O
Bd6 15. Rg1 g6 16. Qh6 Bf8 17. Qg5 Bd6 18. Bg3 Be7 19. Qe3 Rc8 20. h4 Bf6 21.
h5 O-O 22. hxg6 hxg6 23. Bf4 Rfe8 24. Bh6 c5 25. Qg3 Nf8 26. Bxf8 Kxf8 27. Bxg6
cxd4 28. Qd6+ Be7 29. Qf4 Ba3+ 30. Kc2 Re7 31. Bh7 Ke8 32. Kb3 1-0

[Event "Jiraskuv memorial GM"]
[Site "Rakovnik"]
[Date "2012.08.07"]
[Round "5"]
[White "Manik, Mikulas"]
[Black "Pribyl, Josef"]
[Result "1-0"]
[WhiteElo "2406"]
[BlackElo "2308"]
[PlyCount "41"]
[EventDate "2012.08.??"]
[EventType "swiss"]
[EventRounds "9"]
[EventCountry "CZE"]
[TimeControl "120+10"]
[WhiteClock "1:24:00"]
[BlackClock "1:27:00"]

1. e4 g6 2. d4 Bg7 3. Nc3 c6 4. Nf3 d5 5. h3 Nf6 6. e5 Ne4 7. Nxe4 dxe4 8. Ng5
c5 9. Bc4 O-O 10. c3 cxd4 11. cxd4 Nc6 12. Be3 b5 13. Bb3 Qa5+ 14. Kf1 Bb7 15.
h4 Rad8 16. h5 Bc8 17. Nxh7 Nxe5 18. hxg6 e6 19. Nf6+ Bxf6 20. Qh5 Rfe8 21.
dxe5 1-0

[Event "Jiraskuv memorial GM"]
[Site "Rakovnik"]
[Date "2012.08.07"]
[Round "5"]
[White "Cerveny, Martin"]
[Black "Cyborowski, Lukasz"]
[Result "0-1"]
[WhiteElo "2346"]
[BlackElo "2546"]
[PlyCount "76"]
[EventDate "2012.08.??"]
[EventType "swiss"]
[EventRounds "9"]
[EventCountry "CZE"]
[TimeControl "120+10"]
[WhiteClock "1:24:00"]
[BlackClock "1:27:00"]

1. c4 c5 2. Nc3 g6 3. g3 Bg7 4. Bg2 Nc6 5. Nf3 d6 6. O-O Bd7 7. a3 a5 8. e3 Nh6
9. h3 O-O 10. d4 cxd4 11. exd4 Nf5 12. Ne2 a4 13. g4 Nh6 14. Be3 Na5 15. Rc1 f5
16. g5 Nf7 17. d5 Rc8 18. Bd4 Bxd4 19. Nexd4 Nxc4 20. Ne6 Bxe6 21. dxe6 Nfe5
22. Nxe5 Nxe5 23. Rxc8 Qxc8 24. f4 Qc5+ 25. Kh1 Nc4 26. Qxa4 Ne3 27. Re1 d5 28.
Qb4 Qxb4 29. axb4 d4 30. Re2 Rc8 31. b5 Rc1+ 32. Kh2 Nc4 33. b3 d3 34. Rf2 d2
35. Bf3 Ne3 36. b6 Rc2 37. Kg3 d1=Q 38. Bxd1 Rxf2 0-1

[Event "Jiraskuv memorial GM"]
[Site "Rakovnik"]
[Date "2012.08.08"]
[Round "6"]
[White "Freisler, Pavel"]
[Black "Manik, Mikulas"]
[Result "1-0"]
[WhiteElo "2310"]
[BlackElo "2406"]
[PlyCount "61"]
[EventDate "2012.08.??"]
[EventType "swiss"]
[EventRounds "9"]
[EventCountry "CZE"]
[TimeControl "120+10"]
[WhiteClock "1:24:00"]
[BlackClock "1:27:00"]

1. Nf3 Nf6 2. c4 g6 3. Nc3 Bg7 4. d4 O-O 5. g3 d5 6. cxd5 Nxd5 7. Bg2 Nb6 8. e3
Nc6 9. O-O Re8 10. d5 Na5 11. Nd4 Bd7 12. Qe2 Qc8 13. Rd1 c6 14. Bd2 Bg4 15. f3
Bh3 16. Rac1 Bxg2 17. Kxg2 Nac4 18. Be1 Bxd4 19. Rxd4 Nd6 20. Rdd1 c5 21. e4 e5
22. dxe6 Qxe6 23. Nb5 Nxb5 24. Qxb5 Qxa2 25. Rxc5 Rec8 26. Rxc8+ Rxc8 27. Bc3
Qe6 28. Qg5 Nd7 29. Qd2 Ne5 30. Qd4 Re8 31. f4 1-0

[Event "Jiraskuv memorial GM"]
[Site "Rakovnik"]
[Date "2012.08.08"]
[Round "6"]
[White "Cvek, Robert"]
[Black "Lalic, Bogdan"]
[Result "1/2-1/2"]
[WhiteElo "2549"]
[BlackElo "2481"]
[PlyCount "28"]
[EventDate "2012.08.??"]
[EventType "swiss"]
[EventRounds "9"]
[EventCountry "CZE"]
[TimeControl "120+10"]
[WhiteClock "1:24:00"]
[BlackClock "1:27:00"]

1. c4 e5 2. Nc3 Nf6 3. e3 Nc6 4. a3 g6 5. Nf3 Bg7 6. Be2 O-O 7. d3 d5 8. cxd5
Nxd5 9. Bd2 a5 10. O-O Nxc3 11. Bxc3 a4 12. Qc2 Be6 13. Nd2 Na5 14. Rae1 Nb3
1/2-1/2

[Event "Jiraskuv memorial GM"]
[Site "Rakovnik"]
[Date "2012.08.08"]
[Round "6"]
[White "Velicka, Petr"]
[Black "Cyborowski, Lukasz"]
[Result "1/2-1/2"]
[WhiteElo "2461"]
[BlackElo "2546"]
[PlyCount "31"]
[EventDate "2012.08.??"]
[EventType "swiss"]
[EventRounds "9"]
[EventCountry "CZE"]
[TimeControl "120+10"]
[WhiteClock "1:24:00"]
[BlackClock "1:27:00"]

1. e4 c6 2. d4 d5 3. Nc3 dxe4 4. Nxe4 Bf5 5. Ng3 Bg6 6. h4 h6 7. Nf3 Nd7 8. h5
Bh7 9. Bd3 Bxd3 10. Qxd3 e6 11. Bf4 Qa5+ 12. Bd2 Qc7 13. O-O-O Ngf6 14. Ne4
O-O-O 15. g3 Nc5 16. Nxc5 1/2-1/2

[Event "Jiraskuv memorial GM"]
[Site "Rakovnik"]
[Date "2012.08.08"]
[Round "6"]
[White "Pribyl, Josef"]
[Black "Cerveny, Martin"]
[Result "1/2-1/2"]
[WhiteElo "2308"]
[BlackElo "2346"]
[PlyCount "45"]
[EventDate "2012.08.??"]
[EventType "swiss"]
[EventRounds "9"]
[EventCountry "CZE"]
[TimeControl "120+10"]
[WhiteClock "1:24:00"]
[BlackClock "1:27:00"]

1. Nf3 Nf6 2. b3 d5 3. Bb2 c5 4. e3 Nc6 5. Bb5 Bd7 6. O-O e6 7. Bxc6 Bxc6 8.
Ne5 Qc7 9. Nxc6 Qxc6 10. d3 Be7 11. Nd2 Rd8 12. f4 Qc7 13. Qe2 h6 14. a4 a6 15.
a5 d4 16. e4 g5 17. f5 h5 18. Nc4 Ng4 19. e5 Rd5 20. Rae1 f6 21. fxe6 Nxe5 22.
Qe4 Nxc4 23. Qxd5 1/2-1/2

[Event "Jiraskuv memorial GM"]
[Site "Rakovnik"]
[Date "2012.08.08"]
[Round "6"]
[White "Palek, Miroslav"]
[Black "Pacher, Milan"]
[Result "1-0"]
[WhiteElo "2308"]
[BlackElo "2442"]
[PlyCount "42"]
[EventDate "2012.08.??"]
[EventType "swiss"]
[EventRounds "9"]
[EventCountry "CZE"]
[TimeControl "120+10"]
[WhiteClock "1:24:00"]
[BlackClock "1:27:00"]

1. e4 e5 2. Nf3 Nc6 3. Bb5 Nf6 4. Nc3 Nd4 5. Nxd4 exd4 6. Nd5 Nxd5 7. exd5 Be7
8. O-O O-O 9. Qg4 c5 10. c4 d6 11. Qd1 d3 12. b4 Bf6 13. Rb1 Bd4 14. Qf3 a6 15.
Ba4 b5 16. Bb3 Qg5 17. Bb2 Bg4 18. Qg3 Bxb2 19. Bd1 Qxd2 20. Qxg4 f5 21. Qh4
Bf6 1-0

[Event "Jiraskuv memorial GM"]
[Site "Rakovnik"]
[Date "2012.08.09"]
[Round "7"]
[White "Pacher, Milan"]
[Black "Velicka, Petr"]
[Result "1-0"]
[WhiteElo "2442"]
[BlackElo "2461"]
[PlyCount "125"]
[EventDate "2012.08.??"]
[EventType "swiss"]
[EventRounds "9"]
[EventCountry "CZE"]
[TimeControl "120+10"]
[WhiteClock "1:24:00"]
[BlackClock "1:27:00"]

1. d4 d5 2. c4 c6 3. Nf3 Nf6 4. Nc3 a6 5. c5 Nbd7 6. Bf4 Nh5 7. Bd2 Nhf6 8. Rc1
Qc7 9. g3 e5 10. Nxe5 Nxe5 11. Bf4 Nfd7 12. dxe5 Nxc5 13. e6 Qe7 14. exf7+ Qxf7
15. Bg2 Be7 16. O-O O-O 17. Be3 Ne6 18. Bb6 Kh8 19. f4 Bd8 20. Qb3 Qe7 21. Kh1
Bd7 22. f5 Nc5 23. Bxc5 Qxc5 24. Nxd5 Qb5 25. Qa3 Re8 26. f6 gxf6 27. Nxf6 Bxf6
28. Rxf6 Qe5 29. Rf7 Be6 30. Rxb7 Bd5 31. Qd3 Bxg2+ 32. Kxg2 Qxe2+ 33. Qxe2
Rxe2+ 34. Kh3 Rc8 35. Rc5 Re6 36. Rh5 h6 37. Rb6 Rd8 38. Rxa6 Rd2 39. b3 Rc2
40. Ra7 Kg8 41. Kg4 Rf2 42. Rh4 Re4+ 43. Kh3 Rxh4+ 44. gxh4 h5 45. Kg3 Rf5 46.
b4 Rd5 47. a3 Rd4 48. Rc7 Rg4+ 49. Kh3 Rc4 50. Kg2 Kf8 51. Kf2 Rf4+ 52. Ke3
Rxh4 53. Rxc6 Rxh2 54. a4 Rb2 55. Rb6 h4 56. Kd4 h3 57. Kc5 Kg7 58. Rd6 h2 59.
Rd1 Kf6 60. a5 Ke6 61. a6 Rd2 62. Rh1 Kd7 63. a7 1-0

[Event "Jiraskuv memorial GM"]
[Site "Rakovnik"]
[Date "2012.08.09"]
[Round "7"]
[White "Lalic, Bogdan"]
[Black "Palek, Miroslav"]
[Result "1-0"]
[WhiteElo "2481"]
[BlackElo "2308"]
[PlyCount "59"]
[EventDate "2012.08.??"]
[EventType "swiss"]
[EventRounds "9"]
[EventCountry "CZE"]
[TimeControl "120+10"]
[WhiteClock "1:24:00"]
[BlackClock "1:27:00"]

1. d4 d5 2. c4 Bf5 3. Qb3 e5 4. cxd5 exd4 5. Nf3 Be4 6. Qb5+ Qd7 7. Nxd4 a6 8.
Qxd7+ Kxd7 9. Nc3 Bb4 10. Bd2 Bxc3 11. Bxc3 Ne7 12. f3 Bxd5 13. e4 c5 14. Nc2
Be6 15. Bxg7 Rg8 16. Bc3 Nbc6 17. Kf2 b5 18. Be2 Kc7 19. Rhd1 Kb6 20. g4 a5 21.
Bd2 Nd4 22. Nxd4 cxd4 23. Bf4 Nc6 24. Rd2 a4 25. a3 Rgd8 26. Rc1 Rd7 27. Rdc2
Rc8 28. Bd3 Rdd8 29. Bg5 Rg8 30. Bf6 1-0

[Event "Jiraskuv memorial GM"]
[Site "Rakovnik"]
[Date "2012.08.09"]
[Round "7"]
[White "Manik, Mikulas"]
[Black "Cvek, Robert"]
[Result "0-1"]
[WhiteElo "2406"]
[BlackElo "2549"]
[PlyCount "58"]
[EventDate "2012.08.??"]
[EventType "swiss"]
[EventRounds "9"]
[EventCountry "CZE"]
[TimeControl "120+10"]
[WhiteClock "1:24:00"]
[BlackClock "1:27:00"]

1. e4 e5 2. Nf3 Nc6 3. Bc4 Bc5 4. c3 Nf6 5. d3 O-O 6. O-O d5 7. exd5 Nxd5 8.
Re1 Bg4 9. h3 Bh5 10. g4 Bg6 11. Nxe5 Nxe5 12. Rxe5 c6 13. Bxd5 Bd6 14. Re1
cxd5 15. Qf3 Bc7 16. Nd2 f5 17. Nf1 fxg4 18. Qxg4 Bf5 19. Bg5 Qd7 20. Qh4 Rf7
21. Re7 Rxe7 22. Bxe7 Re8 23. Bc5 Bxh3 24. Ng3 Bg4 25. f3 Bxf3 26. Rf1 Bg4 27.
Nh5 Bxh5 28. Qxh5 Bb6 29. Bxb6 axb6 0-1

[Event "Jiraskuv memorial GM"]
[Site "Rakovnik"]
[Date "2012.08.09"]
[Round "7"]
[White "Cerveny, Martin"]
[Black "Freisler, Pavel"]
[Result "1-0"]
[WhiteElo "2346"]
[BlackElo "2310"]
[PlyCount "57"]
[EventDate "2012.08.??"]
[EventType "swiss"]
[EventRounds "9"]
[EventCountry "CZE"]
[TimeControl "120+10"]
[WhiteClock "1:24:00"]
[BlackClock "1:27:00"]

1. d4 Nf6 2. c4 e6 3. Nf3 b6 4. g3 Bb7 5. Bg2 Bb4+ 6. Nbd2 O-O 7. O-O d5 8. Qc2
Nbd7 9. a3 Bxd2 10. Bxd2 c5 11. cxd5 Bxd5 12. Rad1 cxd4 13. Bg5 e5 14. Nxe5
Bxg2 15. Bxf6 gxf6 16. Nxd7 Bxf1 17. Qf5 Kg7 18. Kxf1 Re8 19. Rxd4 h5 20. Qxh5
f5 21. Qxf5 Re6 22. Ne5 Qxd4 23. Qxf7+ Kh8 24. Qxe6 Qd1+ 25. Kg2 Qc2 26. Qf6+
Kh7 27. Qf7+ Kh6 28. Ng4+ Kg5 29. h4+ 1-0